[Event "Andorra open"]
[Site "Escaldes"]
[Date "2022.07.30"]
[Round "8.2"]
[White "Aronyak, Ghosh"]
[Black "Iniyan, P."]
[Result "1/2-1/2"]
[WhiteElo "2486"]
[BlackElo "2533"]
[PlyCount "40"]
[EventDate "2022.07.24"]
[EventCountry "AND"]

1. c4 e5 2. g3 Nf6 3. Bg2 c6 4. Nf3 e4 5. Nd4 d5 6. d3 dxc4 7. dxe4 Bc5 8. e3
h5 9. O-O h4 10. Nf5 Qxd1 11. Rxd1 hxg3 12. hxg3 Bxf5 13. exf5 Nbd7 14. b3
O-O-O 15. Bb2 cxb3 16. axb3 Rh5 17. Nd2 Kc7 18. Ne4 Nxe4 19. Bxe4 f6 20. Bc3
Re8 1/2-1/2

[Event "Andorra open"]
[Site "Escaldes"]
[Date "2022.07.30"]
[Round "8.3"]
[White "Solodovnichenko, Yuri"]
[Black "Zoler, Dan"]
[Result "1/2-1/2"]
[WhiteElo "2497"]
[BlackElo "2449"]
[PlyCount "190"]
[EventDate "2022.07.24"]
[EventCountry "AND"]

1. e4 e5 2. Nf3 Nc6 3. Bb5 a6 4. Ba4 Nf6 5. O-O Be7 6. Re1 b5 7. Bb3 d6 8. c3
O-O 9. h3 Nb8 10. d4 Nbd7 11. c4 c6 12. Nc3 b4 13. Ne2 a5 14. Ng3 c5 15. dxe5
Nxe5 16. Bf4 Qc7 17. Nf5 Bxf5 18. exf5 a4 19. Bxa4 Nxf3+ 20. gxf3 Nh5 21. Bh2
Rad8 22. Qd5 Nf6 23. Qc6 Qa7 24. Bb5 Rc8 25. Qa6 Qc7 26. a4 bxa3 27. Rxa3 Rfd8
28. Qa7 Bf8 29. Qxc7 Rxc7 30. Rea1 Rb7 31. Ra8 Rbb8 32. Rxb8 Rxb8 33. Ra6 Rd8
34. Ra7 g5 35. fxg6 hxg6 36. Bf4 d5 37. Bc7 Rc8 38. Be5 Bg7 39. Ra6 Nh5 40.
Bxg7 Kxg7 41. cxd5 Rb8 42. Ra5 Nf4 43. d6 Nxh3+ 44. Kf1 Nf4 45. b3 Kf6 46. Ke1
Ke6 47. d7 Ke7 48. Kd2 Ne6 49. Kc3 Rh8 50. Ra7 Rh2 51. Ra8 Nd8 52. Ra2 Rh3 53.
Re2+ Kd6 54. Re3 Rh4 55. Rd3+ Kc7 56. Kd2 Rf4 57. Ke3 Rf5 58. f4 Rf6 59. Rd5
Kb6 60. Ba4 Re6+ 61. Kf3 Re1 62. Rd6+ Kb7 63. Bb5 Rb1 64. Rd3 Kc7 65. Bc4 Rb2
66. Kg3 Rb1 67. f5 gxf5 68. Kf4 Nc6 69. Rd5 Nd8 70. Kxf5 Kc6 71. Rd3 Re1 72. f3
Rh1 73. Kf6 Rh6+ 74. Ke7 Kc7 75. f4 f5 76. Rd5 Re6+ 77. Kf8 Re4 78. Rxc5+ Kxd7
79. Rd5+ Kc7 80. Rxf5 Rd4 81. Bd5 Kd6 82. Ke8 Ne6 83. Bxe6 Kxe6 84. Re5+ Kd6
85. Rf5 Ke6 86. Rf7 Rb4 87. f5+ Ke5 88. f6 Rxb3 89. Kf8 Ke6 90. Kg8 Rb1 91. Rf8
Rg1+ 92. Kh7 Rh1+ 93. Kg6 Rg1+ 94. Kh7 Rh1+ 95. Kg6 Rg1+ 1/2-1/2

[Event "Andorra open"]
[Site "Escaldes"]
[Date "2022.07.30"]
[Round "8.4"]
[White "Almagro Llamas, Pablo"]
[Black "Lopez Martinez, Josep Manuel"]
[Result "0-1"]
[WhiteElo "2394"]
[BlackElo "2486"]
[PlyCount "92"]
[EventDate "2022.07.24"]
[EventCountry "AND"]

1. d4 Nf6 2. c4 e6 3. Nf3 d5 4. Nc3 Nbd7 5. Bg5 h6 6. Bh4 Be7 7. e3 O-O 8. Rc1
c5 9. cxd5 Nxd5 10. Bxe7 Nxe7 11. Be2 b6 12. O-O Bb7 13. Nb5 Nf5 14. dxc5 Nxc5
15. b4 Ne4 16. Qxd8 Rfxd8 17. Rc7 Bd5 18. Nxa7 Bxa2 19. g4 Nfd6 20. Nc6 Re8 21.
Nfe5 f6 22. Nd7 Nc3 23. Bd3 Ncb5 24. Bxb5 Nxb5 25. Rb7 Bd5 26. Rxb6 Nc3 27. h3
Na4 28. Nd4 Nxb6 29. Nxb6 Rad8 30. b5 Be4 31. Rc1 Kf7 32. f3 Bb7 33. Kf2 Re7
34. Nc4 Bd5 35. Na5 Ra8 36. Nac6 Rb7 37. e4 Bxc6 38. Rxc6 Ra2+ 39. Kg3 Rd7 40.
Nb3 g5 41. e5 Rd1 42. Rc1 Rxc1 43. Nxc1 Rc2 44. Nb3 Rb2 45. Nc5 Rxb5 46. Nd3
Rd5 0-1

[Event "Andorra open"]
[Site "Escaldes"]
[Date "2022.07.30"]
[Round "8.5"]
[White "Neugebauer, Martin"]
[Black "Alonso Garcia, Aaron"]
[Result "1-0"]
[WhiteElo "2528"]
[BlackElo "2374"]
[PlyCount "74"]
[EventDate "2022.07.24"]
[EventCountry "AND"]

1. e4 e6 2. d4 d5 3. Nc3 Bb4 4. e5 Qd7 5. Bd2 b6 6. Bb5 c6 7. Ba4 Ba6 8. Nce2
Bxd2+ 9. Qxd2 Bxe2 10. Nxe2 Ne7 11. c3 O-O 12. h4 f6 13. Bc2 c5 14. exf6 Rxf6
15. Qd3 g6 16. f4 Nbc6 17. g3 cxd4 18. Nxd4 e5 19. Nxc6 Nxc6 20. O-O-O exf4 21.
gxf4 Ne7 22. h5 Raf8 23. hxg6 hxg6 24. Qg3 R8f7 25. Qh2 Kf8 26. f5 Nxf5 27. Bb3
Rd6 28. Qh8+ Ke7 29. Rhe1+ Re6 30. Bxd5 Re3 31. Bxf7 Rxe1 32. Rxe1+ Kxf7 33.
Qh7+ Ng7 34. Rf1+ Ke6 35. Qxg6+ Ke5 36. Qf6+ Ke4 37. Re1+ Kd5 1-0

[Event "Andorra open"]
[Site "Escaldes"]
[Date "2022.07.30"]
[Round "8.6"]
[White "Sokolovsky, Yahli"]
[Black "Asis Gargatagli, Hipolito"]
[Result "1/2-1/2"]
[WhiteElo "2386"]
[BlackElo "2514"]
[PlyCount "50"]
[EventDate "2022.07.24"]
[EventCountry "AND"]

1. e4 c5 2. Nf3 d6 3. Bb5+ Nd7 4. c4 Ngf6 5. Nc3 g6 6. d3 Bg7 7. h3 O-O 8. Ba4
Nb8 9. Be3 e5 10. Qd2 Nh5 11. Bh6 Nc6 12. Nd5 Ne7 13. Bxg7 Kxg7 14. Nxe7 Qxe7
15. O-O-O Nf4 16. g3 Ne6 17. h4 h6 18. Kb1 a6 19. h5 g5 20. Rdf1 b5 21. Bb3 f5
22. exf5 Rxf5 23. Nh2 Bb7 24. Rhg1 Raf8 25. cxb5 axb5 {Falta jugada} 1/2-1/2

[Event "Andorra open"]
[Site "Escaldes"]
[Date "2022.07.30"]
[Round "8.7"]
[White "Cuartas, Jaime Alexander"]
[Black "Gatineau, Yovann"]
[Result "1/2-1/2"]
[WhiteElo "2513"]
[BlackElo "2368"]
[PlyCount "120"]
[EventDate "2022.07.24"]
[EventCountry "AND"]

1. e4 c6 2. d4 d5 3. Nc3 dxe4 4. Nxe4 Nf6 5. Nxf6+ exf6 6. c3 Bd6 7. Bd3 O-O 8.
Qc2 g6 9. Ne2 Na6 10. Bf4 Bxf4 11. Nxf4 Re8+ 12. Ne2 Nc7 13. O-O Nd5 14. Rfe1
Be6 15. Qd2 Qd6 16. Rad1 Rad8 17. Nc1 Kg7 18. Bf1 Bf5 19. Rxe8 Rxe8 20. Re1 Rd8
21. Bc4 Nc7 22. Qe2 Be6 23. Bb3 a5 24. Bxe6 Nxe6 25. Nb3 a4 26. Nd2 Qd5 27. Qc4
c5 28. Qxa4 cxd4 29. cxd4 Nxd4 30. Qc4 Nf3+ 31. gxf3 Qg5+ 32. Kf1 Rxd2 33. h4
Qf5 34. Re7 Rd5 35. Kg2 g5 36. h5 b5 37. Qc7 g4 38. Rxf7+ Kh6 39. Qc1+ Qg5 40.
Rxf6+ Kg7 41. Qxg5+ Rxg5 42. Rb6 gxf3+ 43. Kxf3 Rxh5 44. Ke4 Rc5 45. a3 h5 46.
f4 h4 47. Kf3 h3 48. Kg3 h2 49. Kxh2 Rc2+ 50. Kg3 Rxb2 51. Kg4 Ra2 52. Kg5 Rxa3
53. Rb7+ Kf8 54. f5 Ra6 55. Rxb5 Kf7 56. Rb7+ Kf8 57. f6 Ra1 58. Kg6 Rg1+ 59.
Kf5 Rf1+ 60. Kg6 Rg1+ 1/2-1/2

[Event "Andorra open"]
[Site "Escaldes"]
[Date "2022.07.30"]
[Round "8.8"]
[White "Girel, Joseph"]
[Black "Kogan, Arthur"]
[Result "1/2-1/2"]
[WhiteElo "2414"]
[BlackElo "2476"]
[PlyCount "51"]
[EventDate "2022.07.24"]
[EventCountry "AND"]

1. d4 Nf6 2. c4 e6 3. Nf3 Bb4+ 4. Nbd2 a5 5. a3 Be7 6. b3 d5 7. e3 O-O 8. Bd3
c5 9. cxd5 exd5 10. Bb2 b6 11. O-O Ba6 12. Bxa6 Nxa6 13. Qe2 Re8 14. dxc5 bxc5
15. e4 Bf8 16. Bxf6 Qxf6 17. Qd3 d4 18. g3 Qc6 19. Rfd1 Qb7 20. Qc4 Re6 21. Ne1
Nb8 22. Nd3 Nd7 23. a4 g6 24. Rdc1 Rae8 25. Qd5 Qxd5 26. exd5 1/2-1/2

[Event "Andorra open"]
[Site "Escaldes"]
[Date "2022.07.30"]
[Round "8.9"]
[White "Holm, Kristian Stuvik"]
[Black "Defromont, Benjamin"]
[Result "1/2-1/2"]
[WhiteElo "2463"]
[BlackElo "2268"]
[PlyCount "57"]
[EventDate "2022.07.24"]
[EventCountry "AND"]

1. e4 e5 2. Nf3 Nc6 3. d4 exd4 4. Nxd4 Bb4+ 5. c3 Be7 6. Bc4 Nf6 7. Nxc6 bxc6
8. e5 Nd5 9. O-O Nb6 10. Bd3 O-O 11. Qh5 g6 12. Qf3 d6 13. Bf4 Nd5 14. exd6
cxd6 15. Bh6 Re8 16. Nd2 Rb8 17. Rab1 Be6 18. h3 Nb6 19. Rbe1 d5 20. Qf4 Nd7
21. b3 Bf6 22. c4 Nc5 23. Bb1 a5 24. cxd5 cxd5 25. Nf3 Rb4 26. Qe3 Ne4 27. a3
Rb7 28. Nd4 Bd7 29. Qd3 1/2-1/2

[Event "Andorra open"]
[Site "Escaldes"]
[Date "2022.07.30"]
[Round "8.10"]
[White "Cruz Lledo, Pablo"]
[Black "Macak, Stefan"]
[Result "1-0"]
[WhiteElo "2433"]
[BlackElo "2363"]
[PlyCount "77"]
[EventDate "2022.07.24"]
[EventCountry "AND"]

1. d4 d5 2. c4 e6 3. Nc3 Nf6 4. Nf3 Bb4 5. e3 O-O 6. Bd2 c5 7. cxd5 exd5 8. a3
Bxc3 9. Bxc3 Ne4 10. Bd3 Nxc3 11. bxc3 Nd7 12. O-O b6 13. a4 Bb7 14. a5 Qc7 15.
Qa4 Bc6 16. Bb5 Bxb5 17. Qxb5 Qd6 18. axb6 axb6 19. h3 g6 20. Rfd1 Rxa1 21.
Rxa1 Rc8 22. Ra7 Rc7 23. Ra8+ Kg7 24. g3 Qe6 25. Kg2 Qd6 26. h4 Qe7 27. Qb1 Qd6
28. h5 Rb7 29. h6+ Kf6 30. e4 dxe4 31. Qxe4 Rb8 32. Ra7 Nf8 33. d5 g5 34. g4
Qf4 35. Qe7+ Kg6 36. Ne5+ Kxh6 37. Nxf7+ Kg6 38. Nh8+ Kh6 39. Qg7# 1-0

[Event "Andorra open"]
[Site "Escaldes"]
[Date "2022.07.30"]
[Round "8.11"]
[White "Anustoop, Biswas"]
[Black "Garriga Cazorla, Pere"]
[Result "1-0"]
[WhiteElo "2175"]
[BlackElo "2505"]
[PlyCount "161"]
[EventDate "2022.07.24"]
[EventCountry "AND"]

1. d4 Nf6 2. Nc3 d5 3. Bf4 a6 4. e3 b5 5. Bd3 e6 6. Nf3 Bb7 7. Ne2 c5 8. c3 Nc6
9. O-O Be7 10. h3 O-O 11. Re1 Rc8 12. Ne5 Nxe5 13. Bxe5 Nd7 14. Bg3 Nf6 15. Be5
Bd6 16. Bxd6 Qxd6 17. Ng3 b4 18. dxc5 Qxc5 19. Qb3 a5 20. a3 Rb8 21. cxb4 axb4
22. Rec1 Qa7 23. Qxb4 Ba8 24. Qd2 h5 25. Qe2 g6 26. Qf3 Kg7 27. Qf4 Rfc8 28.
Qe5 Qe7 29. b4 Kg8 30. Qg5 Kf8 31. Qh6+ Kg8 32. Qg5 Kf8 33. f4 Nd7 34. Qxe7+
Kxe7 35. Rxc8 Rxc8 36. Ne2 e5 37. Rc1 Rb8 38. Bc2 Kd6 39. Bb3 f6 40. Nc3 Bc6
41. Rd1 Nb6 42. Nxd5 Bxd5 43. Bxd5 Nxd5 44. e4 exf4 45. Rxd5+ Ke6 46. Rd1 Ke5
47. Rb1 Kxe4 48. b5 Kd5 49. a4 g5 50. a5 Kc5 51. b6 Kc6 52. Kf2 Kb7 53. Rb5 Rc8
54. Rf5 Rc6 55. h4 Rc2+ 56. Kg1 gxh4 57. Rxh5 Ka6 58. Rh8 Rc5 59. Ra8+ Kb7 60.
Ra7+ Kb8 61. Kf2 Rg5 62. a6 Rb5 63. Rb7+ Ka8 64. Kf3 Rb4 65. Kg4 Ra4 66. Ra7+
Kb8 67. Kf3 f5 68. Rb7+ Ka8 69. Rf7 Rxa6 70. Ra7+ Rxa7 71. bxa7 Kxa7 72. Kxf4
Kb6 73. Kxf5 Kc7 74. Kg4 h3 75. Kxh3 Kd7 76. Kh4 Ke6 77. Kg5 Kf7 78. Kh6 Kg8
79. Kg6 Kh8 80. g4 Kg8 81. g5 1-0

[Event "Andorra open"]
[Site "Escaldes"]
[Date "2022.07.30"]
[Round "8.12"]
[White "Torres Rosas, Luis Carlos"]
[Black "Narciso Dublan, Marc"]
[Result "1-0"]
[WhiteElo "2323"]
[BlackElo "2461"]
[PlyCount "95"]
[EventDate "2022.07.24"]
[EventCountry "AND"]

1. d4 Nf6 2. c4 c5 3. d5 e5 4. Nc3 d6 5. e4 h5 6. h4 g6 7. Nf3 Na6 8. Be2 Nc7
9. a3 Bg4 10. Ng5 Bxe2 11. Qxe2 Qe7 12. g3 Bg7 13. Bd2 b6 14. f3 Qd7 15. b4 O-O
16. Kf1 Rac8 17. Kg2 Nce8 18. Nd1 Nh7 19. Nf2 Bf6 20. b5 Ng7 21. a4 Bxg5 22.
hxg5 f5 23. gxf6 Rxf6 24. a5 Rcf8 25. axb6 axb6 26. Ra3 Qe7 27. Bh6 R6f7 28.
Qd2 g5 29. Bxg7 Rxg7 30. Rxh5 Qf7 31. g4 Qg6 32. Nh3 Qf6 33. Qe3 Qd8 34. Ra1
Rff7 35. Ra3 Rg6 36. Qd2 Kg7 37. Ng1 Rh6 38. Rxh6 Kxh6 39. Ne2 Nf8 40. Ng3 Ng6
41. Nf5+ Kh7 42. Qa2 Nh4+ 43. Kg3 Qf6 44. Ra7 Nxf5+ 45. gxf5 Kg7 46. Rxf7+ Qxf7
47. Kg4 Qe7 48. Qd2 1-0

[Event "Andorra open"]
[Site "Escaldes"]
[Date "2022.07.30"]
[Round "8.13"]
[White "Domene Mulyukov, Alexander"]
[Black "Boyer, Mahel"]
[Result "1-0"]
[WhiteElo "2251"]
[BlackElo "2439"]
[PlyCount "91"]
[EventDate "2022.07.24"]
[EventCountry "AND"]

1. e4 e6 2. b3 d5 3. Bb2 Nf6 4. e5 Ng8 5. d4 c5 6. c3 Nc6 7. Bd3 Nh6 8. Nd2 f5
9. h4 Bd7 10. Ne2 Qb6 11. Nf3 Ng4 12. Nf4 cxd4 13. cxd4 Bb4+ 14. Kf1 O-O-O 15.
g3 Kb8 16. Kg2 Be7 17. Qd2 Rc8 18. Bc3 a5 19. a3 Bd8 20. Rhb1 Na7 21. a4 Rxc3
22. Qxc3 Be7 23. Qb2 Rg8 24. Rc1 g6 25. Be2 h6 26. Nd3 Nc6 27. Rh1 Ka7 28. Rac1
Rg7 29. Nc5 Bc8 30. Bb5 Nb4 31. Qd2 Rg8 32. Nd3 Rd8 33. Nxb4 Bxb4 34. Qf4 Rg8
35. Rc2 Kb8 36. Qc1 Qd8 37. Ne1 g5 38. hxg5 Qb6 39. gxh6 Qxd4 40. Nf3 Qb6 41.
h7 Rh8 42. Rxc8+ Ka7 43. Rxh8 Qxf2+ 44. Kh3 Qxf3 45. Rf1 Qe2 46. Bxe2 1-0

[Event "Andorra open"]
[Site "Escaldes"]
[Date "2022.07.30"]
[Round "8.14"]
[White "Adla, Diego"]
[Black "Arpan, Das (Jr)"]
[Result "1/2-1/2"]
[WhiteElo "2407"]
[BlackElo "2178"]
[PlyCount "26"]
[EventDate "2022.07.24"]
[EventCountry "AND"]

1. d4 d5 2. c4 e6 3. Nf3 a6 4. cxd5 exd5 5. Nc3 c6 6. Bf4 Bd6 7. Bg3 Ne7 8. e3
O-O 9. Bd3 Bf5 10. Bxf5 Nxf5 11. Qb3 Qe7 12. O-O Bxg3 13. hxg3 Nd7 1/2-1/2

[Event "Andorra open"]
[Site "Escaldes"]
[Date "2022.07.30"]
[Round "8.15"]
[White "Katz, Alexander"]
[Black "Moral Garcia, Serafin"]
[Result "1-0"]
[WhiteElo "2402"]
[BlackElo "2237"]
[PlyCount "77"]
[EventDate "2022.07.24"]
[EventCountry "AND"]

1. g3 Nf6 2. Bg2 g6 3. e4 d6 4. d4 Bg7 5. Nc3 O-O 6. Nge2 Nbd7 7. h3 c5 8. dxc5
Nxc5 9. Be3 Qc7 10. O-O Be6 11. f4 Bc4 12. g4 Rac8 13. Re1 b5 14. a3 a5 15. Nd4
b4 16. Nd5 Nxd5 17. exd5 e6 18. axb4 axb4 19. dxe6 fxe6 20. b3 Ba6 21. Nxe6
Nxe6 22. Bd5 Kh8 23. Bxe6 Rce8 24. Bd4 Bb7 25. Qd2 Qc6 26. Kh2 Re7 27. Re2 Ba6
28. Bxg7+ Rxg7 29. Bd5 Qb6 30. Re4 Bc8 31. Rxb4 Qc7 32. Re1 h5 33. f5 g5 34. f6
Rh7 35. Rc4 Qa7 36. f7 hxg4 37. Rxc8 Rxh3+ 38. Kg2 Rh2+ 39. Kxh2 1-0

[Event "Andorra open"]
[Site "Escaldes"]
[Date "2022.07.30"]
[Round "8.16"]
[White "Valle Luis, Leo"]
[Black "Glavina, Pablo"]
[Result "0-1"]
[WhiteElo "2089"]
[BlackElo "2394"]
[PlyCount "68"]
[EventDate "2022.07.24"]
[EventCountry "AND"]

1. e4 e5 2. Nf3 Nc6 3. Bb5 a6 4. Ba4 Nf6 5. O-O Bc5 6. c3 b5 7. Bb3 d6 8. Re1
O-O 9. h3 Bb7 10. d4 Bb6 11. d5 Ne7 12. Nbd2 c6 13. dxc6 Bxc6 14. Bc2 Ng6 15.
Nf1 Re8 16. Ng3 h6 17. Be3 Bc7 18. Qd2 d5 19. exd5 Qxd5 20. Bb3 Qxd2 21. Nxd2
Nd5 22. Nde4 Ndf4 23. f3 Nh4 24. Bxf4 exf4 25. Nf1 Nf5 26. Bc2 Re5 27. Nf2 Ne3
28. Nxe3 fxe3 29. Nd3 Re7 30. Nb4 Bb7 31. Rad1 Bg3 32. Re2 Rae8 33. Nd5 Re5 34.
Rxe3 Bxd5 0-1

[Event "Andorra open"]
[Site "Escaldes"]
[Date "2022.07.30"]
[Round "8.17"]
[White "Rojas Keim, Luis"]
[Black "Bottazzi, Ulysse"]
[Result "1-0"]
[WhiteElo "2375"]
[BlackElo "2140"]
[PlyCount "63"]
[EventDate "2022.07.24"]
[EventCountry "AND"]

1. e4 c5 2. Nf3 e6 3. c3 Nf6 4. e5 Nd5 5. d4 cxd4 6. cxd4 d6 7. Bc4 Be7 8. O-O
O-O 9. Qe2 Nb6 10. Bd3 d5 11. Nc3 Nc6 12. Bf4 Bd7 13. Rad1 Rc8 14. g3 a6 15. h4
Nb4 16. Bb1 Na4 17. Qd2 Qa5 18. Ng5 g6 19. h5 Nc6 20. Nxa4 Qxa4 21. hxg6 hxg6
22. b3 Qb4 23. Qe2 Nxd4 24. Qg4 Rc6 25. a3 Qc3 26. Rxd4 Qxd4 27. Nf3 Qc3 28.
Bxg6 Qxf3 29. Bh7+ Kxh7 30. Qxf3 d4 31. Qh5+ Kg8 32. Qg4+ 1-0

[Event "Andorra open"]
[Site "Escaldes"]
[Date "2022.07.30"]
[Round "8.18"]
[White "Vestby-Ellingsen, Mads"]
[Black "Roque, Gaetan"]
[Result "1-0"]
[WhiteElo "2351"]
[BlackElo "2087"]
[PlyCount "67"]
[EventDate "2022.07.24"]
[EventCountry "AND"]

1. e4 e5 2. Nf3 Nf6 3. Nc3 d6 4. d4 Nbd7 5. Bc4 Be7 6. O-O O-O 7. a4 a5 8. Re1
exd4 9. Nxd4 Nc5 10. f3 c6 11. Bf1 Re8 12. Nde2 h6 13. Ng3 Qb6 14. Kh1 Be6 15.
Qe2 Rad8 16. Qf2 Bf8 17. Be3 Bc8 18. Bd4 Nh7 19. f4 Qc7 20. Rad1 b6 21. b3 Be7
22. Bc4 Bf6 23. Nh5 Qe7 24. Qg3 Bxd4 25. Rxd4 Ne6 26. f5 Neg5 27. h4 Nf6 28.
Nxf6+ Qxf6 29. e5 Rxe5 30. Rxe5 dxe5 31. hxg5 hxg5 32. Rxd8+ Qxd8 33. Qxe5 Qd2
34. Bd3 1-0

[Event "Andorra open"]
[Site "Escaldes"]
[Date "2022.07.30"]
[Round "8.19"]
[White "Aaron, Deepak"]
[Black "Karthik, Rajaa"]
[Result "1/2-1/2"]
[WhiteElo "2221"]
[BlackElo "2331"]
[PlyCount "102"]
[EventDate "2022.07.24"]
[EventCountry "AND"]

1. c4 Nf6 2. Nc3 g6 3. e4 d6 4. d4 Bg7 5. f3 O-O 6. Nge2 c5 7. d5 e6 8. Ng3 a6
9. a4 exd5 10. cxd5 Nbd7 11. Be2 h5 12. Bg5 Qc7 13. Qd2 Re8 14. O-O Nh7 15. Bh4
c4 16. Kh1 Rb8 17. f4 Bh6 18. a5 b5 19. axb6 Qxb6 20. Rab1 Qb4 21. Bxh5 Ne5 22.
Be2 Bd7 23. Qd1 Nd3 24. Bxd3 cxd3 25. Qxd3 a5 26. Qf3 Bg7 27. e5 dxe5 28. fxe5
Rf8 29. Nce4 Bxe5 30. Bf6 Bxf6 31. Nxf6+ Nxf6 32. Qxf6 Rb6 33. Qg5 Qg4 34. Qd2
Rb4 35. Rbe1 Qd4 36. Qg5 Qg4 37. Qf6 Qh4 38. Qxh4 Rxh4 39. Re4 Rxe4 40. Nxe4
Bf5 41. Nd6 Bd3 42. Rd1 Rd8 43. Rxd3 Rxd6 44. g4 Kg7 45. g5 f6 46. h4 fxg5 47.
hxg5 Kf7 48. Kg2 Rb6 49. Kf3 Rxb2 50. Ra3 Rb4 51. Rxa5 Rd4 1/2-1/2

[Event "Andorra open"]
[Site "Escaldes"]
[Date "2022.07.30"]
[Round "8.20"]
[White "Vela Frago, Alberto"]
[Black "Laurent-Paoli, Pierre"]
[Result "0-1"]
[WhiteElo "2245"]
[BlackElo "2481"]
[PlyCount "60"]
[EventDate "2022.07.24"]
[EventCountry "AND"]

1. e4 c5 2. Nf3 e6 3. d4 cxd4 4. Nxd4 Nc6 5. Nc3 a6 6. Be3 Nf6 7. a3 d6 8. Be2
Be7 9. O-O O-O 10. f4 Bd7 11. Qd2 Qc7 12. Rad1 Rad8 13. Nb3 b5 14. Bf3 b4 15.
axb4 Nxb4 16. Ra1 Rb8 17. Rfc1 Rfc8 18. Ne2 h5 19. c3 Nc6 20. Qd1 a5 21. Ra2 e5
22. Nd2 Ng4 23. Bxg4 Bxg4 24. h3 exf4 25. hxg4 fxe3 26. Nf1 hxg4 27. Nf4 Bg5
28. Qxg4 Bxf4 29. Qxf4 Nb4 30. Ra4 e2 0-1

[Event "Andorra open"]
[Site "Escaldes"]
[Date "2022.07.31"]
[Round "9.1"]
[White "Lopez Martinez, Josep Manuel"]
[Black "Kobo, Ori"]
[Result "1/2-1/2"]
[WhiteElo "2486"]
[BlackElo "2534"]
[PlyCount "26"]
[EventDate "2022.07.24"]
[EventCountry "AND"]

1. d4 Nf6 2. c4 e6 3. Nc3 Bb4 4. Qc2 d6 5. Bd2 O-O 6. a3 Bxc3 7. Bxc3 d5 8. e3
b6 9. cxd5 exd5 10. Nf3 a5 11. Bd3 Ba6 12. O-O Bxd3 13. Qxd3 Ne4 1/2-1/2

[Event "Andorra open"]
[Site "Escaldes"]
[Date "2022.07.31"]
[Round "9.2"]
[White "Iniyan, P."]
[Black "Cruz Lledo, Pablo"]
[Result "1-0"]
[WhiteElo "2533"]
[BlackElo "2433"]
[PlyCount "59"]
[EventDate "2022.07.24"]
[EventCountry "AND"]

1. d4 Nf6 2. c4 e6 3. Nc3 Bb4 4. e3 O-O 5. Bd3 d5 6. a3 dxc4 7. Bxc4 Bd6 8. Nf3
Nbd7 9. O-O e5 10. h3 exd4 11. exd4 h6 12. Qd3 Nb6 13. Bb3 c5 14. Rd1 Qc7 15.
Nb5 Qe7 16. Nxd6 Qxd6 17. dxc5 Qxd3 18. Rxd3 Bf5 19. Rd1 Nbd7 20. Be3 a5 21.
Rac1 Rfc8 22. Ba2 a4 23. Nd4 Bg6 24. Nb5 Ne5 25. Nd6 Rc7 26. f4 Nd3 27. Rc3
Nxb2 28. Rd2 Rd8 29. f5 Bh5 30. g4 1-0

[Event "Andorra open"]
[Site "Escaldes"]
[Date "2022.07.31"]
[Round "9.3"]
[White "Aronyak, Ghosh"]
[Black "Neugebauer, Martin"]
[Result "1/2-1/2"]
[WhiteElo "2486"]
[BlackElo "2528"]
[PlyCount "75"]
[EventDate "2022.07.24"]
[EventCountry "AND"]

1. c4 e6 2. Nc3 b6 3. Nf3 Nf6 4. g3 Bb7 5. Bg2 Be7 6. O-O O-O 7. b3 d5 8. e3
dxc4 9. bxc4 c5 10. d3 Nc6 11. Qe2 Rc8 12. Nb5 a6 13. Nc3 Qc7 14. Rb1 Ba8 15.
Rd1 Rfd8 16. Bb2 Ne8 17. Ba1 Rb8 18. h4 Nd6 19. Ng5 h6 20. Nge4 Ne8 21. Nd2 Ne5
22. Bxa8 Rxa8 23. d4 cxd4 24. exd4 Nc6 25. Nb3 b5 26. d5 bxc4 27. Qxc4 Nb4 28.
Qxc7 Nxc7 29. dxe6 Nxe6 30. Kf1 Bf6 31. Ne4 Bxa1 32. Rxd8+ Rxd8 33. Rxa1 f5 34.
Ned2 Kf7 35. a3 Nc2 36. Rc1 Nxa3 37. Ra1 Nc2 38. Rxa6 1/2-1/2

[Event "Andorra open"]
[Site "Escaldes"]
[Date "2022.07.31"]
[Round "9.4"]
[White "Rathanvel, V S."]
[Black "Solodovnichenko, Yuri"]
[Result "1/2-1/2"]
[WhiteElo "2478"]
[BlackElo "2497"]
[PlyCount "24"]
[EventDate "2022.07.24"]
[EventCountry "AND"]

1. e4 c5 2. Nf3 d6 3. d4 cxd4 4. Nxd4 Nf6 5. Nc3 a6 6. h3 e6 7. g4 h6 8. Bg2
Be7 9. Be3 Nc6 10. f4 Nd7 11. O-O O-O 12. Nf3 Re8 1/2-1/2

[Event "Andorra open"]
[Site "Escaldes"]
[Date "2022.07.31"]
[Round "9.5"]
[White "Zoler, Dan"]
[Black "Anustoop, Biswas"]
[Result "1/2-1/2"]
[WhiteElo "2449"]
[BlackElo "2175"]
[PlyCount "27"]
[EventDate "2022.07.24"]
[EventCountry "AND"]

1. d4 d5 2. Nf3 Nf6 3. c4 c6 4. Nbd2 Bf5 5. Nh4 Be4 6. f3 Bg6 7. e3 e6 8. g3 c5
9. Nxg6 hxg6 10. Qb3 Qc7 11. cxd5 exd5 12. Bg2 Nc6 13. O-O cxd4 14. Qd1 1/2-1/2

[Event "Andorra open"]
[Site "Escaldes"]
[Date "2022.07.31"]
[Round "9.6"]
[White "Asis Gargatagli, Hipolito"]
[Black "Rojas Keim, Luis"]
[Result "1-0"]
[WhiteElo "2514"]
[BlackElo "2375"]
[PlyCount "61"]
[EventDate "2022.07.24"]
[EventCountry "AND"]

1. e4 e6 2. d4 d5 3. Nd2 Be7 4. Ngf3 Nf6 5. e5 Nfd7 6. Bd3 c5 7. c3 Nc6 8. O-O
g5 9. Qe2 g4 10. Ne1 h5 11. Qe3 cxd4 12. cxd4 Qb6 13. Nc2 Nf8 14. Nb1 Bd7 15.
Nc3 O-O-O 16. Bd2 Kb8 17. b4 Nxb4 18. Nxb4 Bxb4 19. Rab1 Qa5 20. Rb3 Bc6 21.
Rfb1 Bxc3 22. Bxc3 Qc7 23. Bb4 Ng6 24. Qc1 Ka8 25. Qa3 Rd7 26. Bc5 Qb8 27. Qb4
b6 28. Qa3 bxc5 29. Rxb8+ Rxb8 30. Rxb8+ Kxb8 31. Bxg6 1-0

[Event "Andorra open"]
[Site "Escaldes"]
[Date "2022.07.31"]
[Round "9.7"]
[White "Glavina, Pablo"]
[Black "Cuartas, Jaime Alexander"]
[Result "1/2-1/2"]
[WhiteElo "2394"]
[BlackElo "2513"]
[PlyCount "105"]
[EventDate "2022.07.24"]
[EventCountry "AND"]

1. c4 c6 2. d4 d5 3. cxd5 cxd5 4. Bf4 Qb6 5. Nc3 Nf6 6. e3 Bf5 7. Qa4+ Bd7 8.
Qc2 Nc6 9. Nf3 Rc8 10. Be2 e6 11. h3 Bb4 12. O-O O-O 13. Rfc1 Na5 14. Ne5 h6
15. Rab1 Qd8 16. a3 Be7 17. Bd3 a6 18. Qe2 b5 19. a4 Nc4 20. Nxd7 Qxd7 21. axb5
axb5 22. Nxb5 Qxb5 23. b3 Qd7 24. bxc4 dxc4 25. Bxc4 Bd6 26. Bxd6 Qxd6 27. Qd3
Rfd8 28. Ba6 Rxc1+ 29. Rxc1 e5 30. Rd1 exd4 31. Qxd4 Qxd4 32. exd4 Ne4 33. Kf1
Kf8 34. Bb7 Nd6 35. Bf3 Nf5 36. d5 Nd6 37. Ke2 Rb8 38. Ke3 Ke7 39. Rc1 Kd7 40.
Bg4+ f5 41. Bf3 Rb4 42. Ra1 g5 43. Ra7+ Rb7 44. Ra8 Rb4 45. Rh8 g4 46. Rh7+ Ke8
47. hxg4 fxg4 48. Be2 Nf5+ 49. Kd3 Rd4+ 50. Kc3 g3 51. fxg3 Rxd5 52. g4 Nd4 53.
Kc4 1/2-1/2

[Event "Andorra open"]
[Site "Escaldes"]
[Date "2022.07.31"]
[Round "9.8"]
[White "Kogan, Arthur"]
[Black "Sokolovsky, Yahli"]
[Result "0-1"]
[WhiteElo "2476"]
[BlackElo "2386"]
[PlyCount "32"]
[EventDate "2022.07.24"]
[EventCountry "AND"]

1. d4 Nf6 2. c4 g6 3. Nc3 Bg7 4. e4 d6 5. Be2 O-O 6. Bg5 c5 7. d5 h6 8. Be3 e6
9. Qd2 exd5 10. exd5 Kh7 11. h3 Re8 12. Nf3 Bf5 13. O-O Ne4 14. Nxe4 Bxe4 15.
Rae1 Bxf3 16. Bxf3 Nd7 {Resto ilegible} 0-1